banner koha

Simulação e validação de parâmetros da cinética digestiva em novilhos mestiços suplementados a pasto, por intermédio do sistema in vitro de produção de gases (Registro n. 185381)

MARC details
000 -LÍDER
campo de controle de tamanho fixo 01081nas a2200337 4500
001 - NÚMERO DE CONTROLE
campo de controle BR0601428
003 - IDENTIFICADOR DO NÚMERO DE CONTROLE
campo de controle BR-BrBNA
005 - DATA E HORÁRIO DA ÚLTIMA TRANSAÇÃO
campo de controle 20231205105925.0
007 - CAMPO FIXO DE DESCRIÇÃO FÍSICA--INFORMAÇÃO GERAL
campo de controle de tamanho fixo ta
008 - CAMPO DE DADOS FIXOS--INFORMAÇÃO GERAL
campo de controle de tamanho fixo 230509b bl.|||p| |||| 00| 00por d
040 ## - FONTE DA CATALOGAÇÃO
Instituição da catalogação original BR-BrBNA
Idioma da catalogação por
Instituição que transcreveu o registro Biblioteca Nacional de Agricultura
041 ## - CÓDIGO DE IDIOMA
Código do idioma do texto/trilha sonora ou título diferente (Pt)
072 ## - CÓDIGO DE CATEGORIA DE ASSUNTO
Código de Categoria de Assunto L02; L51
100 1# - ENTRADA PRINCIPAL--NOME PESSOAL
Nome pessoal Detmann, E.
100 1# - ENTRADA PRINCIPAL--NOME PESSOAL
Nome pessoal Paulino, M.F.
100 1# - ENTRADA PRINCIPAL--NOME PESSOAL
Nome pessoal Cabral, L. da S.
100 1# - ENTRADA PRINCIPAL--NOME PESSOAL
Nome pessoal Valadares Filho, S. de C.
100 1# - ENTRADA PRINCIPAL--NOME PESSOAL
Nome pessoal Cecon, P.R.
100 1# - ENTRADA PRINCIPAL--NOME PESSOAL
Nome pessoal Zervoudakis, J.T.
100 1# - ENTRADA PRINCIPAL--NOME PESSOAL
Nome pessoal Lana, R. de P.
100 1# - ENTRADA PRINCIPAL--NOME PESSOAL
Nome pessoal Leão, M.I.
100 1# - ENTRADA PRINCIPAL--NOME PESSOAL
Nome pessoal Melo, A.J.N.
245 1# - TÍTULO
Título Simulação e validação de parâmetros da cinética digestiva em novilhos mestiços suplementados a pasto, por intermédio do sistema in vitro de produção de gases
650 ## - ASSUNTO--TERMO TÓPICO
Cabeçalho tópico ou nome geográfico GADO DE CORTE
650 ## - ASSUNTO--TERMO TÓPICO
Cabeçalho tópico ou nome geográfico PASTAGEM
650 ## - ASSUNTO--TERMO TÓPICO
Cabeçalho tópico ou nome geográfico CAPIM BRACHIARIA
650 ## - ASSUNTO--TERMO TÓPICO
Cabeçalho tópico ou nome geográfico GÁS
773 0# - ENTRADA ANALÍTICA
Título Revista Brasileira de Zootecnia (Brazil)
ISSN - International Standard Serial Number ISSN 1516-3598
Partes relacionadas (Nov-Dec 2005), v. 34(6) p. 2112-2122
Número de controle do registro BR0601428
909 ## -
-- 202311
-- Lúcia
-- 55
-- Lúcia Elande
942 ## - ELEMENTOS DE ENTRADA ADICIONADOS (KOHA)
Fonte da classificação ou esquema de arquivamento na estante Classificação AGRIS
Ocultar no OPAC Não
Tipo de material Koha Analítica
Exemplares
Situação do descarte Fonte da classificação ou esquema de arquivamento na estante Situação física Não pode ser emprestado Biblioteca de origem Biblioteca atual Localização na estante Enumeração do periódico / cronologia Total de empréstimos Data de último acesso Número do exemplar Tipo de material Koha Fonte de aquisição
  Classificação AGRIS   Consulta local Biblioteca Nacional de Agricultura - Binagri Biblioteca Nacional de Agricultura - Binagri   (Nov-Dec 2005), v. 34(6) p. 2112-2122   29/11/2023 01 Periódicos Portaria Interministerial nº 164/94

BINAGRI

Telefone: (61)3218-2567/2388/3357/2097 - binagri@agro.gov.br

Ministério da Agricultura e Pecuária , Esplanada dos Ministérios, Bloco D, Anexo B, Brasília/DF, CEP: 70.043-900